UBT Library

The theory of externalities, public goods, and club goods / (Record no. 43366)

000 -LEADER
fixed length control field 00618cam a2200229 a 4500
001 - CONTROL NUMBER
control field 1442880
005 - DATE AND TIME OF LATEST TRANSACTION
control field 20180224035549.0
008 - FIXED-LENGTH DATA ELEMENTS--GENERAL INFORMATION
fixed length control field 850802s1986 enka b 001 0 eng
010 ## - LIBRARY OF CONGRESS CONTROL NUMBER
LC control number 85019014
020 ## - INTERNATIONAL STANDARD BOOK NUMBER
International Standard Book Number 052130184X
020 ## - INTERNATIONAL STANDARD BOOK NUMBER
International Standard Book Number 0521317746 (pbk.)
040 ## - CATALOGING SOURCE
Original cataloging agency DLC
Transcribing agency DLC
Modifying agency DLC
041 ## - LANGUAGE CODE
Language code of text/sound track or separate title eng
080 ## - UNIVERSAL DECIMAL CLASSIFICATION NUMBER
Universal Decimal Classification number 330.1
082 00 - DEWEY DECIMAL CLASSIFICATION NUMBER
Classification number 330.1 COR
Edition number 20
100 1# - Rafti
Rafti 52
101 ## - Shkurtesa
Shkurtesa EKO
245 14 - TITLE STATEMENT
Title The theory of externalities, public goods, and club goods /
Statement of responsibility, etc Richard Cornes, Todd Sandler.
504 ## - BIBLIOGRAPHY, ETC. NOTE
Bibliography, etc Bibliography: p. 284-296.
906 ## - LOCAL DATA ELEMENT F, LDF (RLIN)
a 7
b cbc
c orignew
d 1
e ocip
f 19
g y-gencatlg
942 ## - ADDED ENTRY ELEMENTS (KOHA)
Source of classification or shelving scheme
Item type Books
Holdings
Withdrawn status Lost status Source of classification or shelving scheme Damaged status Not for loan Collection code Permanent location Current location Shelving location Date acquired Total Checkouts Full call number Barcode Date last seen Price effective from Koha item type
          Koleksioni i përgjithshem UBT - Lipjan UBT - Lipjan Koleksioni i përgjithshem 02/24/2018   330.1 COR 23171853042999261 02/24/2018 02/24/2018 Books
UBT Library © 2015-2024. All rights reserved University Education for Business and Technology